Matthew the publican and his gospel. (Record no. 5072)

000 -LEADER
fixed length control field 00605nam a2200193 a 4500
001 - CONTROL NUMBER
control field :::00002813$&:&@@
003 - CONTROL NUMBER IDENTIFIER
control field OkBaRHE
005 - DATE AND TIME OF LATEST TRANSACTION
control field 20000607103257.0
008 - FIXED-LENGTH DATA ELEMENTS--GENERAL INFORMATION
fixed length control field j 000 0 eng u
040 ## - CATALOGING SOURCE
Transcribing agency
100 1# - MAIN ENTRY--PERSONAL NAME
Personal name Bingham, Rowland Victor.
245 10 - TITLE STATEMENT
Title Matthew the publican and his gospel.
260 ## - PUBLICATION, DISTRIBUTION, ETC. (IMPRINT)
Place of publication, distribution, etc London, UK:EN., :
Name of publisher, distributor, etc Marshall, Morgan & Scott, Ltd.
Date of publication, distribution, etc nd
300 ## - PHYSICAL DESCRIPTION
Extent 126 p. ;
Dimensions 20 cm.
650 ## - SUBJECT ADDED ENTRY--TOPICAL TERM
Topical term or geographic name as entry element Bible New Testament
General subdivision Biography
650 ## - SUBJECT ADDED ENTRY--TOPICAL TERM
Topical term or geographic name as entry element Matthew, Apostle
942 ## - ADDED ENTRY ELEMENTS (KOHA)
Source of classification or shelving scheme
Koha item type Books
Copies
Withdrawn status Shelving location Price effective from Date last seen Permanent Location Lost status Not for loan Source of classification or shelving scheme Koha item type Damaged status Copy number Full call number Barcode Date acquired
 General Stacks2010-04-142018-03-16RHEMA Bible Training College   Books 1BS 2430 .B528132010-04-14